|
|
|
|
| LEADER |
00000cam a2200000 a 4500 |
| 001 |
70473 |
| 003 |
Ucuenca |
| 005 |
20230308162511.0 |
| 008 |
000000|1977 ||||||||r|||||||||||spa|| |
| 020 |
|
|
|a 8471460882
|
| 040 |
|
|
|b spa
|a UCuenca-cdrjbv
|c UCuenca
|e rda
|
| 041 |
1 |
|
|a spa
|
| 082 |
0 |
|
|a 728.9
|
| 245 |
1 |
1 |
|a Silos: Teoría, investigación y construcción
|c Juan Ravenet
|
| 264 |
|
|
|a Barcelona
|b Editores Técnicos Asociados
|c 1977
|
| 300 |
|
|
|a 381 páginas:
|b ilu
|c 25 cm
|
| 336 |
|
|
|2 rdacontent
|a texto
|b txt
|
| 337 |
|
|
|2 rdamedia
|a no mediado
|b n
|
| 338 |
|
|
|2 rdacarrier
|a volumen
|b nc
|
| 504 |
|
|
|a incl. ref.
|
| 650 |
1 |
|
|a Silos
|9 34762
|2 UCuenca-cdrjbv
|
| 650 |
1 |
|
|a Construccion de silos
|9 34763
|2 UCuenca-cdrjbv
|
| 852 |
|
|
|a UC-CDJBV
|f Compra
|l 1
|m General
|p 00000000
|r 2
|t 70473
|b 0
|d CDRC
|e CDRC
|g 728.9 SEGUNDO PISO
|z 0000-00-00
|
| 942 |
|
|
|c BK
|2 ddc
|
| 999 |
|
|
|c 18331
|d 18331
|